000 00579nam a22001697a 4500
003 BD-ChCU
005 20251210095719.0
008 251210b bg ||||| |||| 00| 0 ben d
040 _cBD-ChCU
082 _aM 523.8 CON
100 _aSternig, John.
_917880
245 _aConstellations - i,. constellations are configuration of Stars into groups whose patterns have been given names, there are 88 such groups in the sky,//
_cJohn, Sternig.
260 _aChicago.
_bDancyar-Geppart Co.
_c1961
300 _a11x134.3
650 0 _aStars - Atlases.
_917883
942 _2ddc
_cBK
_n0
999 _c110315
_d110315